Countries by emojis #2 - Statistics

General Stats
  • This quiz has been taken 39 times
  • The average score is 7 of 15
Answer Stats
Hint Answer % Correct
๐Ÿ•๐Ÿ๐Ÿฆ Italy
100%
๐ŸŒฎ๐ŸŒฏ๐Ÿš๏ธ Mexico
85%
๐Ÿฅ“๐Ÿ—บ๏ธโšฝ United kingdom
85%
โšฝ๐ŸŸ๏ธ๐ŸŒŽ Brazil
79%
๐Ÿฆƒ๐Ÿ—๐Ÿต Turkey
79%
๐ŸŒน๐Ÿšฒ๐Ÿšข Netherlands
67%
๐ŸŽ๏ธ๐ŸŽฐ๐Ÿ’ถ Monaco
58%
๐Ÿ•‹๐Ÿœ๏ธโšฑ๏ธ Saudi Arabia
55%
๐ŸฆŸ๐Ÿ๐ŸŒ‹ Iceland
42%
โ›ท๏ธ๐Ÿ—ปโœ๏ธ Norway
30%
โฌ†๏ธ๐Ÿ—ป๐Ÿง Chile
27%
โž•๐Ÿ๏ธ๐Ÿ‡ฌ๐Ÿ‡ง Malta
15%
๐Ÿฅ๐ŸŽผ๐Ÿ’ป Hungary
12%
๐Ÿ’ฐ๐Ÿ“‰๐Ÿ Venezuela
9%
๐ŸŸ๏ธโšฝ๐Ÿต Qatar
6%
No matching quizzes found
Score Distribution
Percent of People with Each Score
Percentile by Number Answered
Your Score History
You have not taken this quiz